000 00473nam a2200193Ia 4500
005 20240921120842.0
008 240921s9999||||xx |||||||||||||| ||und||
041 _aENGLISH
082 _A004 L1
100 _aFenichel,Robert R
245 0 _aComputers and Computation
250 _a1st
260 _c1971
_bW H Freeman,San Fransisco
500 _aModels
650 _aComputation
_bComputer Science
700 _a Weizenbaum,Joseph
942 _cBK
999 _c247686
_d247686